Геофизические методы поисков и разведки рудных и нерудных месторождений: межвузовский научный тематический сборник

Detaylı Bibliyografya
Müşterek Yazar: Свердловский горный институт
Diğer Yazarlar: Гринкевич Г. И. (редактор)
Dil:Rusça
Baskı/Yayın Bilgisi: Свердловск, Изд-во Свердловского горного института, 1984
Konular:
Materyal Türü: MixedMaterials Kitap
KOHA link:https://koha.lib.tpu.ru/cgi-bin/koha/opac-detail.pl?biblionumber=274912

MARC

LEADER 00000nam0a2200000 4500
001 274912
005 20231101234756.0
035 |a (RuTPU)RU\TPU\book\298141 
035 |a RU\TPU\book\59740 
090 |a 274912 
100 |a 20141110d1984 k y0rusy50 ca 
101 0 |a rus 
102 |a RU 
105 |a a z 001zy 
200 1 |a Геофизические методы поисков и разведки рудных и нерудных месторождений  |e межвузовский научный тематический сборник  |f Свердловский горный институт ; под ред. Г. И. Гринкевича 
210 |a Свердловск  |c Изд-во Свердловского горного института  |d 1984 
215 |a 120 с.  |c ил. 
320 |a Библиография в конце глав 
606 1 |a Геофизическая разведка  |2 stltpush  |3 (RuTPU)RU\TPU\subj\6259  |9 34187 
610 1 |a геофизические методы 
610 1 |a поиск 
610 1 |a рудные месторождения 
610 1 |a Урал 
610 1 |a Сибирь 
610 1 |a скважины 
610 1 |a буровые работы 
610 1 |a деформация 
675 |a 550.83  |v 3 
702 1 |a Гринкевич  |b Г. И.  |4 340 
712 0 2 |a Свердловский горный институт  |c (1934-1991)  |2 stltpush  |3 (RuTPU)RU\TPU\col\6743 
801 1 |a RU  |b 63413507  |c 20031013  |g PSBO 
801 2 |a RU  |b 63413507  |c 20170124  |g PSBO 
942 |c BK